00563 2200193 4500001002100000005001500021035002000036008004100056082001500097090002100112245007400133260005100207084002100258300002900279650001200308650001200320110002700332990001000359INLIS00000000000154020260425040856 a0010-0521001540260425 g 0 ind  a908(911.2) a908(911.2) KEM k1 aKotapradja Djakarta Raya Republik Indonesia /cKementerian Penerangan aDjakarta :bKementerian Penerangan,c[ca 1952] a908(911.2) KEM k a568 p. :bill. ;c24 cm. 4aHISTORY 4aJAKARTA0 aKEMENTERIAN PENERANGAN a71/55